Southville International School and Colleges
Your cart is empty.
  • Cart
  • Lists
    Public lists Eva Luna New books Lux_list list_1
    Your lists Log in to create your own lists
  • Log in to your account
  • Your cookies
  • Search history
Southville International School and Colleges
  • Advanced search
  • Recent comments
  • Most popular
  • Libraries

Log in to your account

Log in with GOOGLE


If you do not have an external account, but do have a local account, you can still log in:

  1. Home
  2. MARC view: Angel child, dragon child /
Normal view MARC view ISBD view

Angel child, dragon child / (Record no. 34960)

[ view plain ]
MARC details
000 -LEADER
fixed length control field 00861cam a2200289 a 4500
001 - CONTROL NUMBER
control field 3295691
003 - CONTROL NUMBER IDENTIFIER
control field OSt
005 - DATE AND TIME OF LATEST TRANSACTION
control field 20140310184517.0
008 - FIXED-LENGTH DATA ELEMENTS--GENERAL INFORMATION
fixed length control field 830405s1983 wiua j 000 1 eng
010 ## - LIBRARY OF CONGRESS CONTROL NUMBER
LC control number 83008606
020 ## - INTERNATIONAL STANDARD BOOK NUMBER
International Standard Book Number 0590422715
040 ## - CATALOGING SOURCE
Original cataloging agency DLC
Transcribing agency DLC
Modifying agency DLC
042 ## - AUTHENTICATION CODE
Authentication code lcac
050 00 - LIBRARY OF CONGRESS CALL NUMBER
Classification number PZ 7
Item number .Su9656 1989
100 1# - MAIN ENTRY--PERSONAL NAME
Personal name Surat, Michele Maria.
9 (RLIN) 29487
245 10 - TITLE STATEMENT
Title Angel child, dragon child /
Statement of responsibility, etc story by Michele Maria Surat ; pictures by Vo-Dinh Mai.
260 ## - PUBLICATION, DISTRIBUTION, ETC. (IMPRINT)
Place of publication, distribution, etc New York, NY :
Name of publisher, distributor, etc Scholastic Inc.,
Date of publication, distribution, etc 1989.
300 ## - PHYSICAL DESCRIPTION
Extent 35 p. :
Other physical details col. ill. ;
Dimensions 22 cm.
521 ## - TARGET AUDIENCE NOTE
Target audience note
526 ## - STUDY PROGRAM INFORMATION NOTE
Reading level 420
650 #1 - SUBJECT ADDED ENTRY--TOPICAL TERM
Topical term or geographic name as entry element Vietnamese Americans
General subdivision Fiction.
9 (RLIN) 29488
650 #1 - SUBJECT ADDED ENTRY--TOPICAL TERM
Topical term or geographic name as entry element Schools
General subdivision Fiction.
9 (RLIN) 29489
700 1# - ADDED ENTRY--PERSONAL NAME
Personal name Vo-Dinh, Mai,
Dates associated with a name 1933-
Relator term ill.
9 (RLIN) 29490
906 ## - LOCAL DATA ELEMENT F, LDF (RLIN)
a 7
b cbc
c orignew
d 1
e ocip
f 19
g y-gencatlg
942 ## - ADDED ENTRY ELEMENTS (KOHA)
Source of classification or shelving scheme Library of Congress Classification
Koha item type
Holdings
Withdrawn status Lost status Source of classification or shelving scheme Damaged status Home library Current library Shelving location Date acquired Total Checkouts Full call number Barcode Date last seen Copy number Price effective from Koha item type
    Library of Congress Classification   Luxembourg Library Luxembourg Library Scholastic Reading Center Section 10/16/2013   PZ 7 .Su9656 1989 SCHO0737 04/18/2017 1 10/16/2013 Books
    Library of Congress Classification   Luxembourg Library Luxembourg Library Scholastic Reading Center Section 10/16/2013   PZ 7 .Su9656 1989 SCHO0738 04/18/2017 2 10/16/2013 Books

Angel child, dragon child /

APA

Surat M. M., Vo-Dinh M., . (1989). Angel child, dragon child. New York, NY: Scholastic Inc.

Chicago

Surat Michele Maria, Vo-Dinh Mai, . 1989. Angel child, dragon child. New York, NY: Scholastic Inc.

Harvard

Surat M. M., Vo-Dinh M., . (1989). Angel child, dragon child. New York, NY: Scholastic Inc.

MLA

Surat Michele Maria, Vo-Dinh Mai, . Angel child, dragon child. New York, NY: Scholastic Inc. 1989.

  • Place hold
  • Print
  • Cite
  • Add to your cart (remove)
  • Save record
    BIBTEX Dublin Core MARCXML MARC (non-Unicode/MARC-8) MARC (Unicode/UTF-8) MARC (Unicode/UTF-8, Standard) MODS (XML) RIS
  • More searches
    Search for this title in:
    Other Libraries (WorldCat) Other Databases (Google Scholar) Online Stores (Bookfinder.com) Open Library (openlibrary.org)

Exporting to Dublin Core...

SOUTHVILLE LIBRARY

Southville International School and Colleges Library

1281 Tropical Ave. Cor. Luxembourg St., BF Homes International, Las Pinas City

Tel. No. 8256374 / 252358 Loc. 117/146

Powered by Koha